Història crítica civil y eglesiàstica de Catalunya / per Antoni de Bofarull y Brocá
Descripción Física:
15 v. ; 22 cm
Materias:
Catalunya -- Història
MARC
| LEADER | 00000nam a2200000Ia 4500 | ||
|---|---|---|---|
| 001 | 19827, 19828, 19829, 19830, 19831, 19832, 19833, 19834, 19835, 19836, 19837, 19838, 19839, 19840, 19841 | ||
| 008 | 160829s1907 xx 000 0 cat d | ||
| 080 | |a H-3-25, H-3-26, H-3-27, H-3-28, H-3-29, H-3-30, H-3-31, H-3-32, H-3-33, H-3-34, H-3-35, H-3-36, H-3-37, H-3-38, H-3-39 | ||
| 100 | |a Bofarull i Brocà, Antoni de |9 23715 | ||
| 245 | |a Història crítica civil y eglesiàstica de Catalunya / per Antoni de Bofarull y Brocá | ||
| 260 | |a Barcelona : |b Biblioteca Clàssica Catalana, |c 1907 | ||
| 300 | |a 15 v. ; |c 22 cm | ||
| 590 | |a A la coberta: Història de Catalunya. | ||
| 590 | |a A la portada: Enriquida ab apendixs contenint notes y documents aclaratoris segons les més modernes descobertes històriques. | ||
| 590 | |a Conté: vol. 1: Època primitiva: celtes, grechs, fenicis y cartaginesos; v. 2: Dominació romana, dominació goda; v. 3: Dominació alarba, dominació franca; v. 4: Dominació alarba y fronca, comte feudataris y en part independents, comtes sobiraus de tota la Marca; v. 5, 6: Comtes sobirans de tota la marca; v. 7, 8, 9, 10, 11, 12, 13, 14, 15, 16, 17, 18, 19, 20, 21: Comtes-reys; v. 22, 23, 24, 25, 26, 27, 28, 29, 30: Reys d'Espanya. | ||
| 590 | |a A partir del vol. 7 es corregeix el títol: Història crítica civil y eclesiàstica de Catalunya | ||
| 650 | |a Catalunya |x Història |9 24030 | ||
| 866 | |a 1906 (1-2, 3-4, 5-6), 1907 (7-8, 9-10, 11-12, 13-14), 1908 (15-16, 17-18, 19), 1909 (20, 21-22, 23-24, 25-26, 27-28), 1910 (29-30) | ||
| 901 | |a Arxiu | ||
| 942 | |n 1 | ||
| 952 | |0 0 |1 0 |4 0 |6 H325_H326_H327_H328_H329_H330_H331_H332_H333_H334_H335_H336_H337_H338_H339 |7 1 |9 51624 |a Arxiu |b Arxiu |d 2016-12-01 |l 0 |o H-3-25, H-3-26, H-3-27, H-3-28, H-3-29, H-3-30, H-3-31, H-3-32, H-3-33, H-3-34, H-3-35, H-3-36, H-3-37, H-3-38, H-3-39 |p 19827, 19828, 19829, |r 2016-12-01 00:00:00 |w 2016-12-01 |y ARXIU | ||
| 999 | |c 55469 |d 55469 | ||